000
00317nam a2200133Ia 4500
008
220613s9999||||xx |||||||||||||| ||und||
100
_a
Brian Gillham
245
0
_a
Wills Biochemical Basis Of Medicine
250
_a
3rd(1997)
260
_b
Butterworth Heineman
300
_a
476
650
_a
Medicine
942
_c
MEDI
999
_c
6574
_d
6574